Normal view
MARC view
- BL. Theraja
Entry Personal Name
001 - CONTROL NUMBER
- control field: 13414
003 - CONTROL NUMBER IDENTIFIER
- control field: NUST
005 - DATE AND TIME OF LATEST TRANSACTION
- control field: 20190125131727.0
008 - FIXED-LENGTH DATA ELEMENTS
- fixed length control field: 190125|| aca||aabn | a|a d
040 ## - CATALOGING SOURCE
- Original cataloging agency: NUST
- Transcribing agency: NUST
100 ## - HEADING--PERSONAL NAME
- Personal name: BL. Theraja
670 ## - SOURCE DATA FOUND
- Source citation: Work cat.: (NUST): BL. Theraja, A Textbook of Electrical Techonology in S.I. Units – AC & DC Machines
